Manual práctico de catalogación : monografías, seriadas y fondos especiales / Carmen Ramos Fajardo, María José Ariza Rubio, Manuela Reina de la Torre ; direccion María Pinto Molina monografías, seriadas y fondos especiales / Carmen Ramos Fajardo, María José Ariza Rubio, Manuela Reina de la Torre ; direccion María Pinto Molina
Descripción Física:
387 p. : il. ; 30 cm
Colección:
Documenta ; 0
Materias:
Catalogació -- Normes
MARC
| LEADER | 00000nam a2200000Ia 4500 | ||
|---|---|---|---|
| 001 | 9508 | ||
| 008 | 160829s1991 xx 000 0 cat d | ||
| 080 | |a A-1-54 | ||
| 100 | |a Ramos Fajardo, Carmen |9 37609 | ||
| 245 | |a Manual práctico de catalogación : |b monografías, seriadas y fondos especiales / Carmen Ramos Fajardo, María José Ariza Rubio, Manuela Reina de la Torre ; direccion María Pinto Molina | ||
| 250 | |a 2a ed. | ||
| 260 | |a Granada : |b Impredisur, |c 1991 | ||
| 300 | |a 387 p. : |b il. ; |c 30 cm | ||
| 490 | |a Documenta ; 0 | ||
| 650 | |a Catalogació |x Normes |9 37377 | ||
| 700 | |a Ariza Rubio, María José |9 37610 | ||
| 700 | |a Reina de la Torre, Manuela |9 37611 | ||
| 700 | |a Pinto Molina, María, dir. |9 37612 | ||
| 901 | |a Arxiu | ||
| 942 | |n 1 | ||
| 952 | |0 0 |1 0 |4 0 |6 A154 |7 1 |9 47950 |a Arxiu |b Arxiu |d 2016-12-01 |l 0 |o A-1-54 |p 9508 |r 2016-12-01 00:00:00 |w 2016-12-01 |y ARXIU | ||
| 999 | |c 51750 |d 51750 | ||